000 01041cam a2200229 4500
001 ##L132392
008 060202n1998 000 0 eng u
035 _a(Sirsi) u132392
041 0 _aeng
050 0 4 _a333.332 $2 18
110 2 _aProperty Valuation Forum
_93589
245 0 4 _aThe implications of recent accounting standards for valuers and their clients
260 _a[S.l]
_b[s.n.]
_c1998
300 _a1
_fv
_c30cm.
505 0 _aAccounting Standards Board proposals for property valuation and depreciation under FRED 17 - FRED 17 - measurement of tangible fixed assets: implications for valuers and their clients
520 _aSeminar Programme and papers on accounting standards for valuers and their clients held on Thursday 5 March 1998 at the Royal Institution of Chartered Surveyors in Great George Street.
690 _aPROPERTY-PROPERTY VALUATION AND APPRAISAL
700 1 _aBaldwin, Richard
710 2 _aRoyal Institution of Chartered Surveyors
_94900
710 2 _aAccounting Standards Board
_93454
942 _n0
999 _c105123
_d105123